000 00823nab a2200253 u 4500
001 15188
003 HDC
007 cr bn ---aaaaa
008 210217c mydr|nes 0 a may d
040 _aHDC
100 _aMohd Zaky Zainuddin
_eauthor
_97645
245 0 _aAEC wujudkan pasaran serantau/
_cby Mohd Zaky Zainuddin
260 _aMalaysia:
_bBerita Harian,
_c2015
336 _atext
_2rdacontent
337 _acomputer
_2rdamedia
338 _aonline resource
_2rdacarrier
650 _adomestic market
_910994
650 _aentrepreneur
_91863
710 _aBerita Harian
856 _zRequest full-text at [email protected]
942 _2lcc
942 _cNEWS
942 _kNSWC 004820
999 _c12504
_d12504